<?xml version="1.0" encoding="UTF-8"?>
<collection xmlns="http://www.loc.gov/MARC21/slim">
 <record>
  <leader>02450nam a2200277 a 4500</leader>
  <controlfield tag="001">1/49159</controlfield>
  <controlfield tag="008">191111r19941986gr a          00010 gre  </controlfield>
  <datafield tag="020" ind1=" " ind2=" ">
   <subfield code="a">9600312184</subfield>
  </datafield>
  <datafield tag="035" ind1=" " ind2=" ">
   <subfield code="l">52159</subfield>
  </datafield>
  <datafield tag="040" ind1=" " ind2=" ">
   <subfield code="a">GR-PeUP</subfield>
  </datafield>
  <datafield tag="082" ind1="0" ind2="0">
   <subfield code="a">725.409 495 82 ΣΗΦ</subfield>
  </datafield>
  <datafield tag="100" ind1="1" ind2=" ">
   <subfield code="a">Σηφουνάκης, Νίκος Ο.,</subfield>
   <subfield code="d">1949-</subfield>
  </datafield>
  <datafield tag="245" ind1="1" ind2="0">
   <subfield code="a">Βιομηχανικά κτίρια στη Λέσβο, ελαιοτριβεία, σαπωνοποιεία :</subfield>
   <subfield code="b">19ος και αρχές 20ου αιώνα /</subfield>
   <subfield code="c">Νίκος Σηφουνάκης.</subfield>
  </datafield>
  <datafield tag="250" ind1=" " ind2=" ">
   <subfield code="a">2η έκδοση ξανακοιταγμένη.</subfield>
  </datafield>
  <datafield tag="260" ind1="0" ind2=" ">
   <subfield code="a">[Αθήνα] :</subfield>
   <subfield code="b">ΤΕΔΚ Ν. Λέσβου ; Καστανιώτης,</subfield>
   <subfield code="c">c1986, 1994.</subfield>
  </datafield>
  <datafield tag="300" ind1=" " ind2=" ">
   <subfield code="a">175 σ. :</subfield>
   <subfield code="b">εικ., πανομ., σχέδια, χαρτ. ;</subfield>
   <subfield code="c">29 εκ.</subfield>
  </datafield>
  <datafield tag="500" ind1=" " ind2=" ">
   <subfield code="a">ΤΕΔΚ Νομού Λέσβου. 2η εκδ. (Το λεύκωμα &quot;Βιομηχανικά κτίρια στη Λέσβο, ελαιοτριβεία, σαπωνοποιεία, 19ος και αρχές 20ου αιώνα&quot;, εκδόθηκε με δαπάνη της ΤΕΔΚ Λέσβου και με επιχορήγηση του ΥΠΕΧΩΔΕ στο λιθογραφείο του Θανάση Πετρουλάκη σε δεύτερη ξανακοιταγμένη έκδοση 3.000 αντιτύπων το καλοκαίρι του 1994, με επιμέλεια του Νίκου Σηφουνάκη). [Τα κείμενα έγραψαν: Νίκος Σηφουνάκης και οι αρχιτέκτονες: Βίκυ Κουτσκουδή, Στρατής Φραντζέσκος, Στρατής Χαλαυτής.]. Εκδόθηκε με δαπάνη της ΤΕΔΚ Λέσβου.</subfield>
  </datafield>
  <datafield tag="650" ind1=" " ind2="4">
   <subfield code="a">Industrial bulidings</subfield>
   <subfield code="z">Lesbos Island (Greece).</subfield>
  </datafield>
  <datafield tag="650" ind1=" " ind2="4">
   <subfield code="a">Βιομηχανικά κτήρια</subfield>
   <subfield code="z">Ελλάδα</subfield>
   <subfield code="z">Λέσβος (Νησί).</subfield>
  </datafield>
  <datafield tag="650" ind1=" " ind2="4">
   <subfield code="a">Olive oil mills</subfield>
   <subfield code="z">Lesbos Island (Greece).</subfield>
  </datafield>
  <datafield tag="650" ind1=" " ind2="4">
   <subfield code="a">Ελαιοτριβεία</subfield>
   <subfield code="z">Ελλάδα</subfield>
   <subfield code="z">Λέσβος (Νησί).</subfield>
  </datafield>
  <datafield tag="650" ind1=" " ind2="4">
   <subfield code="a">Soap factories</subfield>
   <subfield code="z">Lesbos Island (Greece).</subfield>
  </datafield>
  <datafield tag="650" ind1=" " ind2="4">
   <subfield code="a">Σαπωνοποιεία</subfield>
   <subfield code="z">Ελλάδα</subfield>
   <subfield code="z">Λέσβος (Νησί)</subfield>
   <subfield code="x">Ιστορία.</subfield>
  </datafield>
  <datafield tag="651" ind1=" " ind2="0">
   <subfield code="a">Lesbos Island (Greece)</subfield>
   <subfield code="x">Economic conditions.</subfield>
  </datafield>
  <datafield tag="651" ind1=" " ind2="4">
   <subfield code="a">Λέσβος (Νησί)</subfield>
   <subfield code="x">Οικονομικές συνθήκες.</subfield>
  </datafield>
  <datafield tag="852" ind1=" " ind2=" ">
   <subfield code="a">INST</subfield>
   <subfield code="b">UNIPILB</subfield>
   <subfield code="c">MAIN</subfield>
   <subfield code="e">20191111</subfield>
   <subfield code="h">725.409 495 82 ΣΗΦ</subfield>
   <subfield code="p">00181954</subfield>
   <subfield code="q">00181954</subfield>
   <subfield code="t">LOAN</subfield>
   <subfield code="y">0</subfield>
   <subfield code="4">1</subfield>
  </datafield>
 </record>
</collection>
